[Event "ESP-ch U12"]
[Site "Salobrena"]
[Date "2021.07.09"]
[Round "7"]
[White "Munoz Osete, Marcos"]
[Black "Rodriguez Vieito, Alexandre"]
[Result "1-0"]
[WhiteElo "1698"]
[BlackElo "1339"]
[PlyCount "117"]
[EventDate "2021.07.05"]
[EventType "swiss"]
[EventRounds "9"]
[EventCountry "ESP"]
[SourceTitle "EXT 2022"]
[Source "ChessBase"]
[SourceDate "2021.10.06"]
[SourceVersion "1"]
[SourceVersionDate "2021.10.06"]
[SourceQuality "1"]

1. d4 Nf6 2. c4 g6 3. Nc3 Bg7 4. e4 d6 5. h3 0-0 6. Bg5 Na6 7. Bd3 e5 8. d5 Qe8 9. g4 Nd7 10. Nge2 Kh8 11. Ng3 Ndc5 12. Bc2 Nb4 13. Bb1 a5 14. a3 Nba6 15. b4 Nd7 16. Bd3 h6 17. Be3 b6 18. Qd2 Kh7 19. h4 Nf6 20. f3 Ng8 21. Nb5 Qd8 22. h5 g5 23. bxa5 bxa5 24. Qxa5 Bd7 25. Ke2 Ne7 26. Qc3 Nc8 27. Rhb1 Nb6 28. Bxb6 cxb6 29. Nxd6 Qc7 30. Ndf5 b5 31. Rc1 bxc4 32. Qxc4 Qb6 33. Rab1 Qa5 34. Qc3 Qd8 35. Nxg7 Kxg7 36. Qxe5+ f6 37. Nf5+ Kh7 38. Qe7+ Qxe7 39. Nxe7 f5 40. Nxf5 Rae8 41. Bxa6 Bxf5 42. gxf5 Rxf5 43. Rc7+ Kh8 44. Rbb7 g4 45. Rh7+ Kg8 46. Rhg7+ Kh8 47. Rxg4 Rxh5 48. Bc4 Rc8 49. d6 Rxc4 50. d7 Rd4 51. Rb8+ Kh7 52. d8Q Rxd8 53. Rxd8 Ra5 54. Rd7+ Kh8 55. Rgg7 h5 56. Ra7 h4 57. Rxa5 h3 58. Rg3 h2 59. Rh5# 1-0